| 000 | 00692nam a22002057a 4500 | ||
|---|---|---|---|
| 005 | 20160920144739.0 | ||
| 010 | _aENG-116019 | ||
| 020 |
_a9789352602223 _c1050.00 |
||
| 020 |
_a9352602226 _c1050.00 |
||
| 035 | _aEN-99551 | ||
| 037 | _bDBAD/PUB | ||
| 082 | _a621.381 | ||
| 100 | _aKashyap,Kishore | ||
| 245 |
_aGATE electronic and communication engineering topicwise solved Questions / _cby Kishore Kashyap |
||
| 260 |
_aNew Delhi _bMcGraw Hill Education _c2017 |
||
| 270 |
_aP-24,Green Park Extantion _bNew Delhi _e110016 |
||
| 300 |
_aVarious pagings : _c24 cm (pbk) _bill |
||
| 500 | _aIncludes 18 years solved Questions1999-2016 | ||
| 942 |
_2ddc _cEN _h621.381 _mKAS |
||
| 999 |
_c103465 _d103465 |
||